Loading...
| Auditory Arts | 7 | 25.71 | 129% | 129% | 0% |
| Beliefs | 6 | 15.00 | 100% | 33% | 17% |
| Current Events | 1 | 0.00 | 0% | 0% | 0% |
| Fine Arts - Other Arts | 3 | 23.33 | 100% | 100% | 33% |
| History - American | 4 | 20.00 | 100% | 75% | 25% |
| History - Ancient | 4 | 20.00 | 100% | 25% | 75% |
| History - European | 2 | 20.00 | 100% | 100% | 0% |
| History - World | 3 | 20.00 | 100% | 67% | 33% |
| Literature - American | 3 | 16.67 | 67% | 67% | 33% |
| Literature - British | 6 | 15.00 | 83% | 33% | 33% |
| Literature - European | 4 | 17.50 | 75% | 75% | 25% |
| Literature - World | 7 | 34.29 | 186% | 86% | 71% |
| Philosophy | 2 | 10.00 | 50% | 0% | 50% |
| Science - Biology | 3 | 20.00 | 100% | 67% | 33% |
| Science - Chemistry | 1 | 10.00 | 100% | 0% | 0% |
| Science - Other | 4 | 12.50 | 75% | 50% | 0% |
| Science - Physics | 5 | 26.00 | 60% | 140% | 60% |
| Social Science | 7 | 17.14 | 86% | 57% | 29% |
| Visual Arts | 4 | 20.00 | 100% | 50% | 50% |